Academic writing 1 = Giáo trình Academic writing 1
Giáo trình "Academic writing 1" bao gồm 6 phần, được biên soạn nhằm giúp sinh viên nắm được kỹ năng viết tiếng Anh học thuật.
Saved in:
| Main Author: | |
|---|---|
| Format: | Book |
| Language: | Undetermined |
| Published: |
Cần Thơ
Trường Đại học Cần Thơ
2010
|
| Subjects: | |
| Tags: |
Add Tag
No Tags, Be the first to tag this record!
|
| Institutions: | Trung tâm Học liệu Trường Đại học Cần Thơ |
|---|
| LEADER | 00862nam a2200229Ia 4500 | ||
|---|---|---|---|
| 001 | CTU_165457 | ||
| 008 | 210402s9999 xx 000 0 und d | ||
| 020 | |c 26136 | ||
| 082 | |a 428.24 | ||
| 082 | |b H103 | ||
| 100 | |a Đỗ, Xuân Hải | ||
| 245 | 0 | |a Academic writing 1 = | |
| 245 | 0 | |b Giáo trình Academic writing 1 | |
| 245 | 0 | |c Đỗ Xuân Hải, Lê Xuân Mai | |
| 260 | |a Cần Thơ | ||
| 260 | |b Trường Đại học Cần Thơ | ||
| 260 | |c 2010 | ||
| 520 | |a Giáo trình "Academic writing 1" bao gồm 6 phần, được biên soạn nhằm giúp sinh viên nắm được kỹ năng viết tiếng Anh học thuật. | ||
| 650 | |a English language,Anh ngữ thực hành | ||
| 650 | |x Writing,Viết | ||
| 904 | |i Bích Vân | ||
| 980 | |a Trung tâm Học liệu Trường Đại học Cần Thơ | ||